书目信息 |
| 题名: |
秦九韶与《数书九章》
|
|
| 作者: | 吴文俊 主编 | |
| 分册: | ||
| 出版信息: | 北京 北京师范大学出版社 1987 |
|
| 页数: | 482页 | |
| 开本: | 20cm | |
| 丛书名: | 中国数学史研究丛书 | |
| 单 册: | ||
| 中图分类: | O112 | |
| 科图分类: | ||
| 主题词: | 古典数学--中国--南宋 | |
| 电子资源: | ||
| ISBN: | ||
| 000 | 00803nam2 2200289 45 | |
| 001 | 0187007729 | |
| 005 | 20040520104410.0 | |
| 010 | @b精装@dCNY5.85 | |
| 091 | @a13243.132 | |
| 100 | @a19900808d1987 kemy0chiy0121 ea | |
| 101 | 0 | @achi |
| 102 | @aCN@b110000 | |
| 105 | @ay z 000yd | |
| 106 | @ar | |
| 200 | 10 | @a秦九韶与《数书九章》@Aqin jiu shao yu shu shu jiu zhang@f吴文俊主编 |
| 210 | @a北京@c北京师范大学出版社@d1987 | |
| 215 | @a482页@d20cm | |
| 225 | 2 | @a中国数学史研究丛书@v2 |
| 410 | 0 | @120010@a中国数学史研究丛书 |
| 600 | 0 | @a秦九韶@x生平事迹 |
| 605 | @a数书九章 | |
| 606 | @a古典数学@y中国@z南宋 | |
| 690 | @aO112@v3 | |
| 701 | 0 | @a吴文俊@Awu wen jun@4主编 |
| 801 | 0 | @aCN@b深圳图书馆@c20040520 |
| 801 | 2 | @aCN@bNLC@c20040520 |
| 905 | @f1@b203108@f1@b203110@dO112@e18 | |
| 秦九韶与《数书九章》/吴文俊主编.-北京:北京师范大学出版社,1987 |
| 482页;20cm.-(中国数学史研究丛书;2) |
| ISBN (精装):CNY5.85 |
| ● |
| 相关链接 |
|
|
|
|
正题名:秦九韶与《数书九章》
索取号:O112/18
 
预约/预借
| 序号 | 登录号 | 条形码 | 馆藏地/架位号 | 状态 | 备注 |
| 1 | 0203108 | 001233579 | 第三借阅区/ [索取号:O112/18] | 在馆 | |
| 2 | 0203109 | 001955085 | 第三借阅区/ [索取号:O112/18] | 在馆 | |
| 3 | 0203110 | 001233597 | 第二样本阅览室/ [索取号:O112/18] | 在馆 |